000 00311nam a22001217a 4500
999 _c8452
_d8453
008 200227b ||||| |||| 00| 0 eng d
082 _a808.02 LAN
245 _aLAN203: Creative writing.
260 _aThimphu :
_bRoyal Thimphu College,
_c2020.
300 _a61 p.
_c30 cm.
650 _aCourse Pack.
942 _2ddc